[Event "RSA-chT U12"]
[Site "Cape Town"]
[Date "2016.01.06"]
[Round "5.7"]
[White "Evetts, Cameron"]
[Black "Nayagar, Veshaan"]
[Result "1-0"]
[WhiteElo "1068"]
[BlackElo "1110"]
[PlyCount "34"]
[EventDate "2016.01.04"]
[EventType "team-tourn"]
[EventRounds "7"]
[EventCountry "RSA"]
[SourceTitle "CBM 170 Extra"]
[Source "ChessBase"]
[SourceDate "2016.02.25"]
[SourceVersion "1"]
[SourceVersionDate "2016.02.25"]
[SourceQuality "1"]
[WhiteTeam "Ethekwini"]
[BlackTeam "Tshwane"]
[WhiteTeamCountry "RSA"]
[BlackTeamCountry "RSA"]

1. e4 c5 2. c4 g6 3. d3 Bg7 4. Be2 Nc6 5. Nc3 Nf6 6. Nf3 0-0 7. 0-0 d6 8. h3 Bd7 9. Re1 Rb8 10. a4 a6 11. b3 Qa5 12. Bb2 Qb4 13. Qd2 Na5 14. Reb1 Nxb3 15. Nd5 Nxd2 16. Nxb4 cxb4 17. Nxd2 Nxe4 1-0

[Event "RSA-ch U12"]
[Site "Waterkloof"]
[Date "2015.04.06"]
[Round "3"]
[White "Malan, Jacques"]
[Black "Nayagar, Veshaan"]
[Result "1-0"]
[WhiteElo "1431"]
[BlackElo "1081"]
[PlyCount "63"]
[EventDate "2015.04.04"]
[EventType "swiss"]
[EventRounds "9"]
[EventCountry "RSA"]
[SourceTitle "CBM 166 Extra"]
[Source "ChessBase"]
[SourceDate "2015.06.18"]
[SourceVersion "1"]
[SourceVersionDate "2015.06.18"]
[SourceQuality "1"]

1. e4 c5 2. Nf3 g6 3. d4 cxd4 4. Nxd4 Nc6 5. c4 Nf6 6. Nc3 d6 7. Be3 Qb6 8. Qd2 Bg7 9. Ne6 Qa5 10. Nxg7+ Kf8 11. Bh6 Kg8 12. Bd3 g5 13. Nf5 Bxf5 14. exf5 Ne5 15. Qxg5+ Ng6 16. fxg6 Qxg5 17. gxf7+ Kxf7 18. Bxg5 Rhg8 19. Bxf6 exf6 20. 0-0 Rg7 21. Nd5 Rag8 22. g3 h5 23. Rfe1 Kf8 24. Re6 h4 25. Rae1 Rf7 26. Rxf6 Rxf6 27. Nxf6 Rg7 28. Nd5 hxg3 29. fxg3 a5 30. a4 Rg4 31. Rf1+ Kg8 32. Nf6+ 1-0